000 00547nam a2200169 i 4500
001 81125
003 ES-MaACL
005 20230906174356.0
007 t|
008 041103s1925 sp ||||1| spa d
100 1 _aHoyos Sáinz, Luis de,
_d1868-1951
_964437
245 1 0 _aCráneos normales y deformados de los Andes (Perú y Bolivia) /
_cpor Luis de Hoyos Sáinz.
260 _aMadrid :
_b[s.n.,
_c1925] (
_fArtes de la Ilustración)
300 _aVI, 118 p. ;
_c25 cm.
852 _aES-MaACL
_j1841-F-13
_bR.19959
999 _c81125
_d81125